Move Feedback Best to Worse - Statistics

General Stats
  • This quiz has been taken 4 times
  • The average score is 7 of 11
Answer Stats
Answer % Correct
Good
100%
Best
67%
Blunder
67%
Book
67%
Brilliant
67%
Excellent
67%
Great
67%
Inaccuracy
67%
Miss
67%
Mistake
67%
Missed Win
33%
No matching quizzes found
Score Distribution
Percent of People with Each Score
Percentile by Number Answered
Your Score History
You have not taken this quiz